Online
Catalog

Ateneo : (Record no. 15715)

MARC details
000 -CABECERA
campo de control de longitud fija 01158cas a2200313 i 4500
001 - NÚMERO DE CONTROL
campo de control 000016175
003 - IDENTIFICADOR DEL NÚMERO DE CONTROL
campo de control DO-SdBNP
005 - FECHA Y HORA DE LA ÚLTIMA TRANSACCIÓN
campo de control 20260317133558.0
007 - CAMPO FIJO DE DESCRIPCIÓN FÍSICA--INFORMACIÓN GENERAL
campo de control de longitud fija ta
008 - DATOS DE LONGITUD FIJA--INFORMACIÓN GENERAL
campo de control de longitud fija 100226c1910 dr mr p|r || |0spa d
040 ## - FUENTE DE LA CATALOGACIÓN
Centro catalogador/agencia de origen DO-SdBNP
Centro/agencia transcriptor spa
Lengua de catalogación DO-SdBNP
Normas de descripción rda
041 ## - CÓDIGO DE LENGUA
Código de lengua original spa
043 ## - CÓDIGO DE ÁREA GEOGRÁFICA
Código de área geográfica nwdr---
110 ## - ENTRADA PRINCIPAL--NOMBRE DE ENTIDAD CORPORATIVA
Nombre de entidad corporativa o nombre de jurisdicción como elemento de entrada Ateneo Dominicano
9 (RLIN) 81190
245 00 - MENCIÓN DE TÍTULO
Título Ateneo :
Resto del título revista mensual del Ateneo dominicano.
264 ## - PRODUCCIÓN, PUBLICACIÓN, DISTRIBUCIÓN, FABRICACIÓN Y COPYRIGHT
Producción, publicación, distribución, fabricación y copyright Santo Domingo, República Dominicana :
Nombre del de productor, editor, distribuidor, fabricante Ateneo Dominicano,
Fecha de producción, publicación, distribución, fabricación o copyright 1910.
300 ## - DESCRIPCIÓN FÍSICA
Extensión volumen :
Otras características físicas ilustraciones ;
Dimensiones 27 cm.
310 ## - PERIODICIDAD ACTUAL
Periodicidad actual Mensual.
336 ## - TIPO DE CONTENIDO
Término de tipo de contenido texto
Código de tipo de contenido txt
Fuente rdacontent
337 ## - TIPO DE MEDIO
Nombre/término del tipo de medio sin mediación
Código del tipo de medio n
Fuente rdacarrier
338 ## - TIPO DE SOPORTE
Nombre/término del tipo de soporte volumen
Código del tipo de soporte nc
Fuente rdacarrier
362 0# - FECHAS DE PUBLICACIÓN Y/O DESIGNACIÓN SECUENCIAL
Fecha de publicación y/o designación secuencial Año 1. Nos. 2 y 3 (abril de 1910).
500 ## - NOTA GENERAL
Nota general Catalogación basada en el número: Año 1. Nos. 2 y 3 (abril de 1910).
500 ## - NOTA GENERAL
Nota general Director: Federico Henríquez y Carvajal.
650 #0 - PUNTO DE ACCESO ADICIONAL DE MATERIA--TÉRMINO DE MATERIA
Término de materia o nombre geográfico como elemento de entrada Academias, sociedades doctas, etc
Subdivisión de forma Publicaciones periódicas
9 (RLIN) 89061
Subdivisión geográfica República Dominicana
650 #0 - PUNTO DE ACCESO ADICIONAL DE MATERIA--TÉRMINO DE MATERIA
Término de materia o nombre geográfico como elemento de entrada Cultura
Subdivisión de forma Publicaciones periódicas
Subdivisión geográfica República Dominicana
9 (RLIN) 89224
700 ## - PUNTO DE ACCESO ADICIONAL--NOMBRE DE PERSONA
Nombre de persona Henríquez y Carvajal, Federico
9 (RLIN) 89062
Término indicativo de función/relación director
942 ## - ELEMENTOS DE PUNTO DE ACCESO ADICIONAL (KOHA)
Fuente del sistema de clasificación o colocación Dewey Decimal Classification
Tipo de ítem Koha Publicación periódica
Holdings
Estado de retiro Estado de pérdida Fuente del sistema de clasificación o colocación Estado dañado Restricciones de uso No para préstamo Código de colección Localización permanente Ubicación/localización actual Fecha de adquisición Enumeración/cronología de publicación seriada Número de inventario Total de préstamos Signatura topográfica completa Código de barras Fecha visto por última vez Número de copia Precio válido a partir de Tipo de ítem Koha Nota pública
    Dewey Decimal Classification   Préstamo especial   Hemeroteca Patrimonio Dominicano Patrimonio Dominicano 10.04.2012 año.1: no.9 (1910: oct.) 191010011910100520120410   9 16175-1-9-1 08.08.2020 e.1 08.08.2020 Publicación periódica Edición especial 5to. aniversario.
    Dewey Decimal Classification   Préstamo especial   Hemeroteca Patrimonio Dominicano Patrimonio Dominicano 05.07.2011 año.1: no.2-3 (1910: Apr./May) 191004011910040620110705   2 y 3 16175-2;3-1 08.08.2020 e.1 08.08.2020 Publicación periódica Perteneció a la biblioteca personal de Martínez Boog.
    Dewey Decimal Classification   Préstamo especial   Hemeroteca Patrimonio Dominicano Patrimonio Dominicano 05.07.2011 año.1: no.5 (1910: Jun.) 191006011910060620110705   5 16175-5-1 08.08.2020 e.1 08.08.2020 Publicación periódica Perteneció a la biblioteca personal de Martínez Boog.
    Dewey Decimal Classification   Préstamo especial   Hemeroteca Patrimonio Dominicano Patrimonio Dominicano 05.07.2011 año.1: no.6 (1910: Jul.) 191007011910070620110705   6 16175-6-1 08.08.2020 e.1 08.08.2020 Publicación periódica Perteneció a la biblioteca personal de Martínez Boog.
    Dewey Decimal Classification   Préstamo especial   Hemeroteca Patrimonio Dominicano Patrimonio Dominicano 05.07.2011 año.1: no.7 (1910: Ago.) 191008011910080620110705   7 16175-7-1 08.08.2020 e.1 08.08.2020 Publicación periódica Perteneció a la biblioteca personal de Martínez Boog.

Powered by Koha